000 00537nam a22001697a 4500
003 OSt
005 20260114015159.0
008 260114b |||||||| |||| 00| 0 eng d
040 _aDWC-Main lib
_cOC
082 _aFil. 375.001 B595t 2020
100 _aBilbao,Purita P.
245 _aThe teacher and the school curriculum/
_cPurita P. Bilbao
260 _aQuezon City :
_bLorimar Publishing ,
_cc2020.
300 _aviii, 232 pages :
_billustrations ;
_c 25cm.
650 _a1. Education-Curricula
942 _2ddc
_cBK - FIL
_kFil.
_n0
999 _c7356
_d7356